Focus sur: Marach - Tolkien - Statistiques

Statistiques générales
  • Ce quiz a été pris 4 fois
  • Le résultat moyen est 6 sur 7
Statistiques - réponses
Informations recherchées Réponses % Correct
Espèce Homme
100%
Première mention Le Silmarillion
100%
Age durant lequel il vécut Premier
100%
Contrée Hithlum
75%
Maison (lignée) Peuple de {Hador}
75%
Imlach
50%
Fils Malach
50%
Aucun quiz correspondant
Distribution des résultats
% des personnes avec chaque résultat
Percentile par nombre de réponses
Votre historique - résultats
Vous n’avez pas pris ce quiz